ロード中...

The Goal: A process of ongoing improvement

書誌詳細
第一著者: Goldratt, Eliyahu M; Cox, Jeff
フォーマット: Printed Book
出版事項: Productivity and Quality publishing: Madras 2005
版:3 edition
主題:
LEADER 00600nam a2200193 4500
020 |a 8185984131  |c 395 
082 |a 658.08 GOL 
100 |a Goldratt, Eliyahu M; Cox, Jeff 
245 |a The Goal: A process of ongoing improvement  |c Goldratt, Eliyahu M; Cox, Jeff 
250 |a 3 edition 
260 |a Productivity and Quality publishing: Madras  |c 2005 
300 |a 396 p 
490
500
590
650 |a General management 
942 |c BK 
999 |c 139299  |d 139299 
952 |0 0  |1 0  |4 0  |6 658_080000000000000_GOL  |7 0  |9 152759  |a IMK  |b IMK  |g 395.00  |l 0  |o 658.08 GOL  |p IMK06305  |r 2019-10-25  |w 2019-10-25  |y BK